Personal finance / (Record no. 2847)
[ view plain ]
| 000 -LEADER | |
|---|---|
| fixed length control field | nam a22 a 4500 |
| 005 - DATE AND TIME OF LATEST TRANSACTION | |
| control field | 20170518114847.0 |
| 008 - FIXED-LENGTH DATA ELEMENTS--GENERAL INFORMATION | |
| fixed length control field | 170518s1988 us ||||| |||| 00| 0 eng d |
| 020 ## - INTERNATIONAL STANDARD BOOK NUMBER | |
| International Standard Book Number | 025605665X |
| 040 ## - CATALOGING SOURCE | |
| Original cataloging agency | AKMAL |
| 082 ## - DEWEY DECIMAL CLASSIFICATION NUMBER | |
| Classification number | 657.8333 KAP |
| 090 ## - LOCALLY ASSIGNED LC-TYPE CALL NUMBER (OCLC); LOCAL CALL NUMBER (RLIN) | |
| Classification number (OCLC) (R) ; Classification number, CALL (RLIN) (NR) | 657.8333 |
| Local cutter number (OCLC) ; Book number/undivided call number, CALL (RLIN) | KAP |
| 100 1# - MAIN ENTRY--PERSONAL NAME | |
| Personal name | Kapoor, Jack R., |
| Dates associated with a name | 1937- |
| 9 (RLIN) | 6001 |
| 245 10 - TITLE STATEMENT | |
| Title | Personal finance / |
| Remainder of title | Jack R. Kapoor, Les R. Dlabay, Robert J. Hughes. |
| 260 ## - PUBLICATION, DISTRIBUTION, ETC. | |
| Place of publication, distribution, etc. | Homewood, Ill. : |
| Name of publisher, distributor, etc. | Irwin, |
| Date of publication, distribution, etc. | 1988. |
| 300 ## - PHYSICAL DESCRIPTION | |
| Extent | xxiii, 691, 30, 15 p. : |
| Other physical details | ill. (some col.) ; |
| Dimensions | 24cm |
| 504 ## - BIBLIOGRAPHY, ETC. NOTE | |
| Bibliography, etc. note | Includes bibliographies and index. |
| 650 #0 - SUBJECT ADDED ENTRY--TOPICAL TERM | |
| Topical term or geographic name entry element | Finance, Personal. |
| 9 (RLIN) | 336 |
| 700 1# - ADDED ENTRY--PERSONAL NAME | |
| Personal name | Dlabay, Les R. |
| 9 (RLIN) | 6002 |
| 700 1# - ADDED ENTRY--PERSONAL NAME | |
| Personal name | Hughes, Robert James, |
| Dates associated with a name | 1946- |
| 9 (RLIN) | 6003 |
| 942 ## - ADDED ENTRY ELEMENTS (KOHA) | |
| Source of classification or shelving scheme | |
| Koha item type | Book |
| Withdrawn status | Lost status | Source of classification or shelving scheme | Damaged status | Not for loan | Collection code | Home library | Current library | Shelving location | Date acquired | Inventory number | Total Checkouts | Full call number | Barcode | Date last seen | Price effective from | Koha item type |
|---|---|---|---|---|---|---|---|---|---|---|---|---|---|---|---|---|
| NON-FICTION | AKMAL Melaka | AKMAL Melaka | PINJAMAN | 18.05.2017 | 601027 | 657.8333 KAP | 201703277 | 18.05.2017 | 18.05.2017 | Book |
